000 00479nam a2200181Ia 4500
005 20250508150612.0
008 008 250505s9999 xx 000 0 eng d
037 _aTextual
040 _aFEDL
_beng
_cFEDL
041 _aeng
_2eng
084 _a951, YUT
_qFEDL
100 _aYutang Lin
245 0 _aMy country and my people
260 _aLondon, UK
_bWilliam Heinemann Ltd
_c1936
300 _ax,419p.
942 _cTEXL
_h951, YUT
999 _c1324522
_d1324522